000 00790nam a2200229Ia 4500
001 15545
003 GE_BSU
008 181216s||||||||xx |||||||||||||| ||und||
040 _cGE_BSU
080 _a821.161.1-32
100 _aბერესტოვი, ვ.
245 _aოქროს ქარქაშიანი ხმალი
245 _bამბავი
245 _cთარგმ. რ. ჯაფარიძემ. რედ.გ.კიკილაშვილი. მხატვ. ი. ქლიბაძე
260 _aთბილისი
260 _bნაკადული
260 _c1965
300 _a255გვ.23სმ.
653 _aამბავი
653 _aოქროს ქარქაშიანი ხმალი
942 _cBK
999 _c48645
_d48645